000 00239nam a22000977a 4500
008 161228b xxu||||| |||| 00| 0 eng d
041 _aeng
080 _21st ed.
_a347.78
245 _aLAW&Advertising
_cFueroghne, D.K
942 _2udc
_cBK
_e1st ed.
999 _c2515
_d2515